[Event "54. Miedzynarodowy Festiwal Szachowy im. Akiby Rubinsteina<br/>OPEN A "]
[Site "Polanica-Zdroj"]
[Date "1899-12-30"]
[Round "4.32"]
[White "Trusz, Julia"]
[Black "Schoenau, Helmut"]
[Result "0-1"]
[WhiteTitle "I+"]
[BlackTitle ""]
[WhiteElo "1684"]
[BlackElo "1947"]

1. e4 c6 2. Nc3 d5 3. Nf3 Bg4 4. Be2 e6 5. O-O Nd7 6. d4 dxe4 7. Nxe4 Ngf6 8. Nxf6+
Nxf6 9. c3 Bd6 10. Ne5 Bxe5 11. Bxg4 Nxg4 12. Qxg4 Bf6 13. Bf4 Qb6 14. Qe2 Rd8
15. Rad1 Rd5 16. Be3 Qa5 17. c4 Rd7 18. Rd3 a6 19. Rfd1 O-O 20. a3 Rfd8 21. b4
Qf5 22. R3d2 h6 23. f3 Qh5 24. Qf2 Bh4 25. Qe2 Bf6 26. Qf2 Be7 27. Bf4 a5 28.
bxa5 Qxa5 29. Rd3 Bf6 30. Be3 Qa6 31. Qc2 b6 32. Qb3 Ra8 33. Rb1 Rb8 34. Rbd1
Qa5 35. Bf4 Rbd8 36. Be3 b5 37. g3 Be7 38. Bd2 Qa6 39. cxb5 cxb5 40. Bb4 Bxb4
41. Qxb4 Rd5 42. f4 Qa7 43. Kg2 R8d6 44. Qc3 Qb6 45. Qc8+ Rd8 46. Qc3 Qb7 47.
Kf2 Rc8 48. Qb3 Rc4 49. Ke3 Qc6 50. R1d2 Rd8 51. Rb2 Rd5 52. Rb1 Rh5 53. Rb2 Qh1
54. Rd1 Qc6 55. Rd3 Rc1 56. Re2 Qh1 57. Rdd2 Rf1 58. Rf2 Rxf2 59. Rxf2 Rxh2 60.
Rxh2 Qxh2 61. Kf3 Qh1+ 62. Kf2 Qd5 63. Qc3 g6 64. Ke3 Kg7 65. Qb4 Qg2 66. Qxb5
Qxg3+ 67. Ke4 Qxa3 68. Qe5+ Kg8 69. Qb8+ Qf8 70. Qe5 Qa8+ 71. Ke3 Qa3+ 72. Ke2
Qb2+ 73. Ke3 Qc1+ 74. Ke2 Qc2+ 75. Ke3 Qf5 76. Qb8+ Kg7 77. Qb2 Qd5 78. Qh2 Qb3+
79. Ke4 f5+ 0-1

[Event "54. Miedzynarodowy Festiwal Szachowy im. Akiby Rubinsteina<br/>OPEN A "]
[Site "Polanica-Zdroj"]
[Date "1899-12-30"]
[Round "4.33"]
[White "Golecki, Jan"]
[Black "Pawicka, Magdalena"]
[Result "1-0"]
[WhiteTitle "I++"]
[BlackTitle "I"]
[WhiteElo "1943"]
[BlackElo "1647"]

1. e4 e5 2. Nf3 Nc6 3. Bc4 Bc5 4. O-O Nf6 5. d4 Bxd4 6. Nxd4 Nxd4 7. f4 d6 8. fxe5
dxe5 9. Bg5 Be6 10. Na3 Qd7 11. Bxf6 gxf6 12. c3 Bxc4 13. Nxc4 Qe6 14. cxd4 Qxc4
15. Rc1 Qe6 16. Rxc7 Rd8 17. Qa4+ Kf8 18. Qb4+ Kg7 19. d5 Qb6+ 20. Qxb6 axb6 21.
Rxb7 Rb8 22. Rxb8 Rxb8 23. Rc1 Ra8 24. Rc6 Rxa2 25. Rxb6 Ra4 26. b4 Kg6 27. d6
Ra1+ 28. Kf2 Rd1 29. Rc6 f5 30. d7+ Kg7 31. Rc7 fxe4 32. b5 Kf8 33. b6 Ke7 34.
b7 Rb1 35. Rc8 Kxd7 36. b8=Q 1-0

[Event "54. Miedzynarodowy Festiwal Szachowy im. Akiby Rubinsteina<br/>OPEN A "]
[Site "Polanica-Zdroj"]
[Date "1899-12-30"]
[Round "4.35"]
[White "Skiba, Aleksandra"]
[Black "Klein, Gernot, Dr."]
[Result "1/2-1/2"]
[WhiteTitle "I+"]
[BlackTitle "m"]
[WhiteElo "1625"]
[BlackElo "1922"]

1. d4 d5 2. c4 e6 3. Nc3 c6 4. Nf3 dxc4 5. Bg5 Be7 6. Bxe7 Nxe7 7. e3 b5 8. a4
Nd5 9. Qb1 Qb6 10. Ne4 Qa5+ 11. Nfd2 Qd8 12. Be2 O-O 13. O-O Qe7 14. Nf3 Nd7 15.
Rc1 Bb7 16. b3 cxb3 17. axb5 cxb5 18. Bxb5 a6 19. Bxd7 Qxd7 20. Nc5 Qe7 21. Qxb3
Rab8 22. Rcb1 Rfc8 23. Ne5 Nf6 24. f3 h6 25. Nxa6 Ra8 26. Qxb7 Rc1+ 27. Rxc1 Qxb7
28. Nc5 Rxa1 29. Rxa1 Qb8 30. Ncd7 Nxd7 31. Nxd7 Qb7 32. Ne5 f6 33. Ng4 Qb4 34.
Rd1 Qc3 35. e4 Qc2 36. Nf2 Kf7 37. d5 Ke7 38. d6+ Kd7 39. h3 g6 40. Kf1 h5 41.
Ke1 Qc3+ 42. Ke2 f5 43. exf5 Qe5+ 44. Kf1 gxf5 45. Rd2 Qa1+ 46. Rd1 Qa6+ 47. Ke1
e5 48. Rd2 Qb6 49. Ke2 Qb5+ 50. Ke1 Qc5 51. Ke2 Qc4+ 52. Ke1 e4 53. fxe4 fxe4
54. Re2 Qc3+ 55. Kf1 e3 56. Nd1 Qf6+ 57. Kg1 Qa1 58. Rxe3 Qxd1+ 59. Kf2 Qd2+ 60.
Kf3 Kxd6 61. Re2 Qd1 62. Kf2 Qd4+ 63. Kf3 Kd5 64. g3 Qd3+ 65. Kf2 Qf5+ 66. Kg2
Kd4 67. h4 Kd3 68. Rf2 Qe4+ 69. Kh2 Ke3 70. Rf4 Qc2+ 71. Kg1 Qd1+ 72. Kg2 Qe2+
73. Kg1 Qc2 74. Kh1 Ke2 75. Kg2 Ke1+ 76. Kg1 Qd3 77. Kg2 1/2-1/2

[Event "54. Miedzynarodowy Festiwal Szachowy im. Akiby Rubinsteina<br/>OPEN A "]
[Site "Polanica-Zdroj"]
[Date "1899-12-30"]
[Round "4.36"]
[White "Gospodarczyk, Wojciech"]
[Black "Jablonski, Miroslaw"]
[Result "1/2-1/2"]
[WhiteTitle "II"]
[BlackTitle "I++"]
[WhiteElo "1523"]
[BlackElo "1915"]

1. Nf3 d5 2. d4 Nf6 3. g3 e6 4. Bg2 Nbd7 5. c4 c6 6. Nbd2 Bd6 7. O-O b6 8. Re1
Bb7 9. b3 O-O 10. Bb2 Qb8 11. Rc1 h6 12. a3 a5 13. Kh1 Ng4 14. Kg1 f5 15. e3 g5
16. Qe2 Ngf6 17. Rf1 Rf7 18. Ne1 Rh7 19. f4 g4 20. Nd3 Qf8 21. Qd1 Ba6 22. Ra1
h5 23. Ne5 Rc8 24. Re1 Qh6 25. Kf2 h4 26. Rh1 Bxe5 27. dxe5 Nh5 28. Rc1 Nc5 29.
Qc2 Rd8 30. Rcd1 Rhd7 31. a4 h3 32. Bf1 Bb7 33. Be2 Na6 34. Bc3 Nb4 35. Bxb4 axb4
36. c5 1/2-1/2

[Event "54. Miedzynarodowy Festiwal Szachowy im. Akiby Rubinsteina<br/>OPEN A "]
[Site "Polanica-Zdroj"]
[Date "1899-12-30"]
[Round "4.37"]
[White "Lukasik, Zuzanna"]
[Black "Konieczynski, Piotr"]
[Result "0-1"]
[WhiteTitle "I++"]
[BlackTitle "I++"]
[WhiteElo "1517"]
[BlackElo "1897"]

1. e4 c6 2. d4 d5 3. Nc3 dxe4 4. Nxe4 Bf5 5. Ng3 Bg6 6. Nh3 e6 7. Nf4 Bd6 8. Be3
Nf6 9. Be2 Qc7 10. Nd3 Nbd7 11. Bf3 e5 12. dxe5 Nxe5 13. Qe2 Bxd3 14. cxd3 Nxf3+
15. Qxf3 Bb4+ 16. Ke2 O-O 17. Rhd1 Qe5 18. Rab1 Rfe8 19. Kf1 Bd6 20. Kg1 Nd5 21.
Re1 Nxe3 22. Rxe3 Qa5 23. a3 Bxg3 24. Qxg3 Qd2 25. Qf4 Qc2 26. Rbe1 Rxe3 27. Qxe3
h6 28. Qe2 Qxe2 29. Rxe2 Kf8 30. f3 Rd8 31. Rd2 Ke7 32. Kf2 Ke6 33. Ke3 Kd5 34.
Re2 Re8+ 35. Kd2 Rxe2+ 36. Kxe2 Kd4 37. f4 a5 38. g4 a4 39. h4 c5 40. f5 h5 41.
gxh5 f6 42. Kd2 b5 43. Kc2 Ke5 44. Kc3 Kxf5 45. d4 cxd4+ 46. Kxd4 Kg4 47. Kc5
f5 48. Kxb5 f4 49. Kc4 f3 50. Kd3 Kg3 51. Ke4 f2 0-1

[Event "54. Miedzynarodowy Festiwal Szachowy im. Akiby Rubinsteina<br/>OPEN A "]
[Site "Polanica-Zdroj"]
[Date "1899-12-30"]
[Round "4.38"]
[White "Kies, Mariusz"]
[Black "Tsesler, Yakau"]
[Result "1-0"]
[WhiteTitle "k"]
[BlackTitle ""]
[WhiteElo "2043"]
[BlackElo "1709"]

1. e4 e5 2. Nf3 Nc6 3. d3 Nf6 4. g3 Bc5 5. Bg2 d6 6. O-O O-O 7. Nc3 a6 8. h3 h6
9. Kh2 Be6 10. Be3 Bxe3 11. fxe3 d5 12. exd5 Nxd5 13. Qe1 Qd7 14. Ne4 Qe7 15.
c4 Nb6 16. g4 f5 17. gxf5 Bxf5 18. Nh4 Bh7 19. Qg3 g5 20. Bf3 Kh8 21. Ng2 Rad8
22. Rfd1 Na4 23. Rd2 Nc5 24. Nxc5 Qxc5 25. Bxc6 bxc6 26. Rad1 Rf7 27. d4 exd4
28. Rxd4 Rxd4 29. Rxd4 Re7 30. h4 Rg7 31. hxg5 Qxg5 32. Qxg5 Rxg5 33. Rd8+ Rg8
34. Rd7 Rg7 35. Rd8+ Rg8 36. Rd7 Rg7 37. Rd4 Rg5 38. Nf4 Bg8 39. b3 Kh7 40. Rd8
h5 41. Rc8 Rg7 42. Nxh5 Rg6 43. Rxc7+ Kh6 44. Nf4 Rd6 45. Kg3 Bh7 46. c5 Rf6 47.
Ra7 Bb1 48. Rxa6 Kg5 49. a4 Ba2 50. b4 Bc4 51. Rb6 Kf5 52. b5 cxb5 53. axb5 Rf8
54. c6 Rc8 55. Rb7 Kf6 56. c7 Kf7 57. b6 Ke8 58. Ra7 Kd7 59. Rb7 Ba6 60. Rb8 Kc6
61. Nd3 Bb7 62. Nc5 Kxb6 63. Nxb7 Rxc7 64. Nd6+ Ka6 65. Nf5 Rc1 66. Kf4 Rf1+ 67.
Ke5 Ka7 68. Rb2 Re1 69. e4 Ka6 70. Nd6 Rd1 71. Ke6 Rd3 72. e5 Re3 73. Nf7 Re1
74. Ke7 Ka7 75. e6 Ka6 76. Nd8 Ka7 77. Ke8 Ka6 78. e7 Ka7 79. Rb5 Ka6 80. Rd5
Kb6 81. Kd7 1-0

[Event "54. Miedzynarodowy Festiwal Szachowy im. Akiby Rubinsteina<br/>OPEN A "]
[Site "Polanica-Zdroj"]
[Date "1899-12-30"]
[Round "4.39"]
[White "Sacharewicz, Krzysztof"]
[Black "Fraczek, Weronika"]
[Result "1/2-1/2"]
[WhiteTitle "I++"]
[BlackTitle "k+"]
[WhiteElo "1775"]
[BlackElo "1844"]

1. e4 e5 2. Nf3 Nc6 3. Bc4 Bc5 4. c3 Nf6 5. d4 exd4 6. e5 d5 7. Bb5 Ne4 8. cxd4
Bb6 9. Nc3 O-O 10. h3 f6 11. Bxc6 bxc6 12. O-O fxe5 13. Nxe4 dxe4 14. Nxe5 Bxd4
15. Qb3+ Qd5 16. Nxc6 Qxb3 17. axb3 Bb6 18. Ne7+ Kf7 19. Nxc8 Raxc8 20. Be3 Rfd8
21. Rfe1 Rd3 22. b4 Re8 23. Bxb6 axb6 24. Rac1 Re7 25. Rc4 Rd2 26. Rcxe4 Rxe4
27. Rxe4 Rxb2 28. Rc4 Rb1+ 29. Kh2 c6 30. Kg3 b5 31. Rxc6 Rxb4 32. Rb6 Rb2 33.
Kf3 b4 34. Ke3 h6 35. g4 Rb3+ 36. Ke4 Rxh3 37. Rxb4 h5 38. gxh5 Rxh5 39. f4 1/2-1/2

[Event "54. Miedzynarodowy Festiwal Szachowy im. Akiby Rubinsteina<br/>OPEN A "]
[Site "Polanica-Zdroj"]
[Date "1899-12-30"]
[Round "4.40"]
[White "Derylo, Kamil"]
[Black "Jankowski, Aleksander"]
[Result "1-0"]
[WhiteTitle "I"]
[BlackTitle "I"]
[WhiteElo "1833"]
[BlackElo "1728"]

1. e4 e6 2. d4 d5 3. Bd3 dxe4 4. Bxe4 Nf6 5. Bf3 c5 6. Ne2 Nc6 7. Be3 Nd5 8. Bxd5
Qxd5 9. Nbc3 Qxg2 10. Rg1 Qxh2 11. Bf4 Qh5 12. Nb5 Nxd4 13. Nexd4 Qxd1+ 14. Rxd1
cxd4 15. Nc7+ Ke7 16. Nxa8 f6 17. Nc7 Bd7 18. c4 a6 19. Na8 e5 20. Bd2 Kd8 21.
Ba5+ Ke7 22. Nb6 Bc6 23. f4 Ke6 24. fxe5 fxe5 25. Ke2 g6 26. b3 Bc5 27. b4 Be7
28. a4 Rf8 29. Rdf1 Rxf1 30. Rxf1 Bg5 31. b5 Be4 32. bxa6 bxa6 33. Bd2 Bh4 34.
a5 Bf5 35. Be1 Bg5 36. Rg1 Bd8 37. Bd2 h5 38. Kd1 Bg4+ 39. Kc1 e4 40. Nd5 Bf5
41. Nf4+ Kf6 42. Nd5+ Ke6 43. Nf4+ Kf7 44. Bb4 h4 45. Rd1 Bg5 46. Bd6 d3 47. Kd2
Bd8 48. Bb4 g5 49. Nd5 g4 50. Rf1 Bg5+ 51. Ne3 Ke6 52. Bd6 g3 53. Bf4 Bd8 54.
Nxf5 Bxa5+ 55. Ke3 Kxf5 56. Bc7+ Kg4 57. Bxa5 h3 58. Bc7 h2 59. Ra1 Kh3 60. c5
g2 61. Bxh2 Kxh2 62. c6 g1=Q+ 63. Rxg1 Kxg1 64. c7 d2 65. Kxd2 Kf2 66. c8=Q e3+
67. Kd3 e2 68. Qf5+ 1-0

[Event "54. Miedzynarodowy Festiwal Szachowy im. Akiby Rubinsteina<br/>OPEN A "]
[Site "Polanica-Zdroj"]
[Date "1899-12-30"]
[Round "4.41"]
[White "Wieczorek, Mikolaj"]
[Black "Jedynak, January"]
[Result "1-0"]
[WhiteTitle "I"]
[BlackTitle "I+"]
[WhiteElo "1757"]
[BlackElo "1827"]

1. e4 e5 2. Nf3 Nf6 3. Nxe5 d6 4. Nf3 Nxe4 5. Nc3 Nxc3 6. dxc3 Be7 7. Be3 O-O 8.
Qd2 Nd7 9. O-O-O a5 10. Bd3 Nc5 11. Bxc5 dxc5 12. Be4 Bd6 13. Qd3 h6 14. Kb1 Rb8
15. g4 Bxg4 16. Rhg1 f5 17. Qc4+ Kh8 18. Rxg4 fxg4 19. Ne5 Rf6 20. Nf7+ Rxf7 21.
Qxf7 Qf6 22. Qh5 b5 23. Qxg4 b4 24. c4 a4 25. Qf5 Qxf5 26. Bxf5 Rf8 27. Rd5 g6
28. Bxg6 Rxf2 29. a3 bxa3 30. bxa3 Rxh2 31. Be8 Rh4 32. Rh5 Rxh5 33. Bxh5 Be5
34. Be8 Bc3 35. Bxa4 h5 36. Bc6 Kg7 37. Ka2 Kf6 38. Kb3 Ba5 39. Ka4 Bb6 40. Kb5
Ke5 41. a4 Kd4 42. Bd5 h4 43. a5 Bxa5 44. Kxa5 c6 45. Be6 Ke5 46. Bh3 Kd4 47.
Bf1 h3 48. Bxh3 Kxc4 49. Kb6 Kc3 50. Bf5 c4 51. Kxc6 Kd4 52. Kb5 Kc3 53. Kc5 1-0

[Event "54. Miedzynarodowy Festiwal Szachowy im. Akiby Rubinsteina<br/>OPEN A "]
[Site "Polanica-Zdroj"]
[Date "1899-12-30"]
[Round "4.42"]
[White "Vanduyfhuys, Igor"]
[Black "Wasylkiewicz, Andrzej"]
[Result "0-1"]
[WhiteTitle "II+"]
[BlackTitle "I"]
[WhiteElo "1687"]
[BlackElo "1816"]

1. e4 d5 2. exd5 Nf6 3. Nf3 Qxd5 4. Nc3 Qa5 5. Bc4 Bg4 6. h3 Bh5 7. O-O e6 8. d4
c6 9. Bd2 Qc7 10. Be2 Bd6 11. Re1 Nbd7 12. Ne5 Bxe5 13. dxe5 Qxe5 14. Bxh5 Qxh5
15. Bf4 Qxd1 16. Raxd1 O-O 17. Rd6 Nb6 18. Bg3 Nbd5 19. Na4 Rfd8 20. Nc5 Rxd6
21. Bxd6 Rd8 22. Bg3 b6 23. Nd3 h6 24. Ne5 Ne7 25. Nc4 Ne8 26. Kf1 Kf8 27. Ke2
Nf5 28. Be5 Nd4+ 29. Bxd4 Rxd4 30. Ne5 c5 31. Nc6 Rd7 32. Rd1 Rc7 33. Ne5 Ke7
34. Rd3 Nf6 35. Rf3 c4 36. Rc3 b5 37. b3 Nd5 38. Rf3 f6 39. Ng6+ Ke8 40. Kd2 c3+
41. Kc1 b4 42. Nf4 Nxf4 43. Rxf4 a5 44. a3 Rb7 45. Rg4 g5 46. Rc4 Rb5 47. a4 Re5
48. Kd1 h5 49. f3 h4 50. f4 Re3 51. fxg5 fxg5 52. Rg4 Re5 53. g3 hxg3 54. Rxg3
Kf7 55. Rg1 Kf6 56. Kc1 Re3 57. Rf1+ Kg6 58. Rh1 Kh5 59. h4 gxh4 60. Kd1 h3 61.
Rg1 h2 62. Rh1 Kh4 63. Rxh2+ Kg3 64. Rh1 e5 65. Kc1 Rf3 66. Re1 Kf4 67. Rh1 e4
68. Rg1 e3 69. Rh1 e2 70. Re1 Kg3 71. Rd1 exd1=Q+ 0-1

[Event "54. Miedzynarodowy Festiwal Szachowy im. Akiby Rubinsteina<br/>OPEN A "]
[Site "Polanica-Zdroj"]
[Date "1899-12-30"]
[Round "4.43"]
[White "Lemanski, Piotr"]
[Black "Kruczynski, Marek"]
[Result "1-0"]
[WhiteTitle "II"]
[BlackTitle "I"]
[WhiteElo "1838"]
[BlackElo "1786"]

1. e4 c6 2. d4 g6 3. f4 d5 4. e5 h5 5. Bd3 Nh6 6. Nf3 Nf5 7. c3 Qb6 8. Qe2 e6 9.
Ng5 h4 10. Nd2 c5 11. dxc5 Qxc5 12. Nb3 Qc7 13. Nd4 Nxd4 14. cxd4 Bb4+ 15. Kf2
a6 16. Qg4 Qe7 17. Be3 Nc6 18. Rac1 Bd7 19. g3 hxg3+ 20. hxg3 O-O-O 21. Qe2 Rxh1
22. Rxh1 Be8 23. Rh7 Ba5 24. Bxg6 Bb6 25. Bxf7 Bxf7 26. Rxf7 Qb4 27. Nxe6 Rh8
28. Kf3 Kb8 29. a3 Qb3 30. Kg2 Qa4 31. Qd3 Nd8 32. Nxd8 Rxd8 33. e6 Rc8 34. e7
Ka7 35. Rf8 Re8 36. Rxe8 Qxe8 37. Qh7 Qb5 38. Qh5 Qxb2+ 39. Kh3 1-0

[Event "54. Miedzynarodowy Festiwal Szachowy im. Akiby Rubinsteina<br/>OPEN A "]
[Site "Polanica-Zdroj"]
[Date "1899-12-30"]
[Round "5.2"]
[White "Lewtak, Damian"]
[Black "Shishkin, Vadim"]
[Result "1-0"]
[WhiteTitle "m"]
[BlackTitle "GM"]
[WhiteElo "2369"]
[BlackElo "2461"]

1. d4 Nf6 2. Bf4 g6 3. Nc3 d5 4. e3 Bg7 5. h4 b6 6. Nf3 Bb7 7. Ne5 a6 8. h5 Nbd7
9. hxg6 hxg6 10. Rxh8+ Bxh8 11. Qf3 e6 12. Bg5 Qc8 13. Nxd7 Nxd7 14. Bd3 c5 15.
O-O-O Bg7 16. Rh1 Nf8 17. Qf4 Qb8 18. Qh4 Qc7 19. Re1 c4 20. Bf1 Kd7 21. Bf6 Bxf6
22. Qxf6 Ke8 23. e4 Rd8 24. exd5 Bxd5 25. g4 b5 26. Nxd5 Rxd5 27. Bg2 Qd8 28.
Qxd8+ Rxd8 29. c3 Nd7 30. Kc2 Ke7 31. g5 Rh8 32. Rh1 Rxh1 33. Bxh1 Kd6 34. b3
Nb6 35. Bb7 a5 36. bxc4 bxc4 37. Kd2 e5 38. dxe5+ Kxe5 39. Ke3 Na4 40. f4+ Kd6
41. Kd4 Nc5 42. Bd5 Nd3 43. f5 gxf5 44. Bxf7 Ke7 45. Bxc4 Nf2 46. Ke5 Ne4 47.
g6 Kf8 48. Kd4 Kg7 49. Bf7 Kf6 50. c4 Nd6 51. c5 Nb5+ 52. Kc4 Nc7 53. c6 1-0

[Event "54. Miedzynarodowy Festiwal Szachowy im. Akiby Rubinsteina<br/>OPEN A "]
[Site "Polanica-Zdroj"]
[Date "1899-12-30"]
[Round "5.3"]
[White "Frolov, Artur"]
[Black "Bukojemski, Adam"]
[Result "1-0"]
[WhiteTitle "IM"]
[BlackTitle "k"]
[WhiteElo "2420"]
[BlackElo "2233"]

1. d4 Nf6 2. Nf3 g6 3. c4 Bg7 4. Nc3 d5 5. cxd5 Nxd5 6. e3 O-O 7. Bc4 Nb6 8. Bb3
c5 9. dxc5 Qxd1+ 10. Bxd1 N6d7 11. Nd5 Nc6 12. Ba4 Nxc5 13. Bxc6 bxc6 14. Nxe7+
Kh8 15. Nxc8 Raxc8 16. Rb1 Rb8 17. b3 a5 18. Ba3 Nd3+ 19. Ke2 Nb4 20. Ng5 c5 21.
Bxb4 axb4 22. Rbc1 Ra8 23. Rc2 Ra5 24. Ne4 Rfa8 25. Nxc5 Rxa2 26. Rhc1 Bb2 27.
Na4 R2xa4 28. Rxb2 Ra3 29. Rc7 Ra2 30. Rxa2 Rxa2+ 31. Kf3 Rb2 32. Rxf7 Rxb3 33.
Rb7 Rb1 34. Kf4 Rb2 35. f3 Rxg2 36. h4 Ra2 37. e4 Ra8 38. Kg5 Ra5+ 39. Kf6 Ra6+
40. Kf7 h6 41. e5 Ra3 42. Kxg6 1-0

[Event "54. Miedzynarodowy Festiwal Szachowy im. Akiby Rubinsteina<br/>OPEN A "]
[Site "Polanica-Zdroj"]
[Date "1899-12-30"]
[Round "5.4"]
[White "Okrucinski, Tadeusz"]
[Black "Manik, Mikulas"]
[Result "0-1"]
[WhiteTitle "FM"]
[BlackTitle "GM"]
[WhiteElo "2182"]
[BlackElo "2408"]

1. d4 Nf6 2. c4 g6 3. Nc3 Bg7 4. g3 O-O 5. Bg2 c6 6. e4 d6 7. Nf3 e5 8. O-O exd4
9. Nxd4 Ng4 10. h3 Qf6 11. Nc2 Ne5 12. Qe2 Na6 13. f4 Nd7 14. Be3 Qe7 15. Bd4
Nf6 16. Rae1 Nc5 17. Qd2 a5 18. g4 Rd8 19. f5 Nfd7 20. Bxg7 Kxg7 21. f6+ Nxf6
22. Nd5 cxd5 23. exd5 Qc7 24. Rxf6 Nd7 25. Rf4 Ne5 26. b3 Qe7 27. Nd4 Bd7 28.
c5 Kg8 29. Rfe4 f6 30. g5 Re8 31. gxf6 Qxf6 32. cxd6 Qxd6 33. Qe3 Nf7 34. Ne6
Re7 35. Qd4 Nh6 36. Qc5 Rxe6 37. dxe6 Qxc5+ 0-1

[Event "54. Miedzynarodowy Festiwal Szachowy im. Akiby Rubinsteina<br/>OPEN A "]
[Site "Polanica-Zdroj"]
[Date "1899-12-30"]
[Round "5.10"]
[White "Klepek, Witold"]
[Black "Kucza, Karol"]
[Result "1/2-1/2"]
[WhiteTitle "k+"]
[BlackTitle "FM"]
[WhiteElo "2139"]
[BlackElo "2342"]

1. e4 e5 2. Nf3 Nc6 3. d4 exd4 4. Nxd4 Nf6 5. Nxc6 bxc6 6. e5 Qe7 7. Qe2 Nd5 8.
c4 Ba6 9. b3 g6 10. Bb2 Bg7 11. g3 O-O 12. Bg2 Rae8 13. O-O Bxe5 14. Qxe5 Qxe5
15. Bxe5 Rxe5 16. cxd5 Bxf1 17. Kxf1 cxd5 18. Na3 c6 19. Nc2 Rb8 20. Rd1 Kf8 21.
Rd4 Ree8 22. Rh4 h5 23. Ra4 Rb7 24. Bf3 Ke7 25. Ke2 Kd6+ 26. Kd2 Re7 27. Ne1 Re8
28. Nd3 Ra8 29. Ra5 a6 30. Be2 Rb5 31. Ra4 a5 32. h4 Rbb8 1/2-1/2

[Event "54. Miedzynarodowy Festiwal Szachowy im. Akiby Rubinsteina<br/>OPEN A "]
[Site "Polanica-Zdroj"]
[Date "1899-12-30"]
[Round "5.11"]
[White "Bielinski, Dariusz"]
[Black "Stachowiak, Kamil"]
[Result "0-1"]
[WhiteTitle "k+"]
[BlackTitle "IM"]
[WhiteElo "2100"]
[BlackElo "2447"]

1. Nf3 c5 2. c4 Nf6 3. Nc3 g6 4. d4 cxd4 5. Nxd4 Bg7 6. e4 d6 7. f3 Nc6 8. Be3
O-O 9. Qd2 Bd7 10. Be2 Nxd4 11. Bxd4 a5 12. b3 Bc6 13. O-O Nd7 14. Be3 Nc5 15.
Rab1 Qb6 16. Rfc1 Rfc8 17. Rc2 Qd8 18. Bf1 Qf8 19. Ne2 Be5 20. Nd4 Qg7 21. a3
a4 22. Nxc6 bxc6 23. b4 Nb3 24. Qf2 c5 25. b5 Bd4 26. Kh1 e5 27. Bd3 Qf6 28. Re2
Qe6 29. Qh4 f6 30. Qh6 Rc7 31. Bd2 Rg7 32. h3 Qf7 33. Be3 Kf8 34. Qh4 Ke7 35.
Qe1 Kd8 36. Rc2 Kc7 37. Bxd4 Nxd4 38. Rf2 Kb6 39. f4 exf4 40. Rxf4 Qe6 41. Qf2
Rf7 42. Rf1 Raf8 43. Qe1 g5 44. R4f2 h5 45. Qd1 g4 46. h4 Qe5 47. Rf4 Ne6 48.
Rf5 Qg3 49. Rxh5 Nf4 50. Rxf4 Qxf4 51. Be2 g3 52. Bg4 f5 53. exf5 Re7 54. f6 Rxf6
55. Rf5 Rxf5 56. Bxf5 Re2 0-1

[Event "54. Miedzynarodowy Festiwal Szachowy im. Akiby Rubinsteina<br/>OPEN A "]
[Site "Polanica-Zdroj"]
[Date "1899-12-30"]
[Round "5.16"]
[White "Rak, Maciej"]
[Black "Wisniewski, Michal"]
[Result "0-1"]
[WhiteTitle "I"]
[BlackTitle "k+"]
[WhiteElo "1759"]
[BlackElo "2122"]

1. e4 d5 2. exd5 Qxd5 3. Nc3 Qa5 4. Nf3 Nf6 5. h3 Bf5 6. d4 c6 7. Bd2 Nbd7 8. Bc4
Qc7 9. Ne2 e6 10. Bf4 Bd6 11. Bxd6 Qxd6 12. c3 Be4 13. Ng3 Bxf3 14. Qxf3 h5 15.
O-O-O O-O-O 16. Rhe1 Rh6 17. Ne4 Nxe4 18. Qxe4 Rf6 19. Rd2 Rh8 20. Bb3 Rf5 21.
c4 Nf6 22. Qe3 b6 23. Kb1 Rd8 24. g3 h4 25. Bc2 Rc5 26. Bb3 hxg3 27. fxg3 Rh5
28. h4 Rf5 29. Red1 Ng4 30. Qg1 Rf3 31. Rd3 Rxd3 32. Rxd3 e5 33. d5 e4 34. Rc3
e3 35. Bd1 Qg6+ 36. Ka1 Re8 37. Qf1 Nf2 38. Bc2 e2 39. Qe1 Qf6 40. c5 Nd1 41.
Bxd1 0-1

[Event "54. Miedzynarodowy Festiwal Szachowy im. Akiby Rubinsteina<br/>OPEN A "]
[Site "Polanica-Zdroj"]
[Date "1899-12-30"]
[Round "5.17"]
[White "Walkusz, Witoslaw"]
[Black "Vanduyfhuys, Daria"]
[Result "0-1"]
[WhiteTitle "FM"]
[BlackTitle "WCM"]
[WhiteElo "2121"]
[BlackElo "1878"]

1. e4 c5 2. b3 g6 3. Bb2 Nf6 4. Nc3 Bg7 5. e5 Nh5 6. Be2 Nf4 7. g3 Nxe2 8. Qxe2
Nc6 9. f4 Nd4 10. Qd1 d6 11. exd6 Qxd6 12. h3 Bd7 13. Rh2 Bc6 14. d3 O-O 15. Qd2
Qe6+ 16. Kf1 Qf5 17. Re1 Rfe8 18. Ne4 Rad8 19. g4 Qc8 20. Nxc5 e5 21. c3 Nb5 22.
fxe5 b6 23. Ne4 Bxe5 24. c4 Bxe4 25. Rxe4 Bxh2 26. Qh6 f6 27. Bxf6 Rd7 28. Nf3
Rf7 29. Ng5 Rxe4 30. Nxe4 Nd6 31. g5 Nf5 32. Kg2 0-1

[Event "54. Miedzynarodowy Festiwal Szachowy im. Akiby Rubinsteina<br/>OPEN A "]
[Site "Polanica-Zdroj"]
[Date "1899-12-30"]
[Round "5.19"]
[White "Schoenau, Helmut"]
[Black "Piliczewski, Bogusz"]
[Result "1/2-1/2"]
[WhiteTitle ""]
[BlackTitle "I+"]
[WhiteElo "1947"]
[BlackElo "2112"]

1. c4 c6 2. d4 d5 3. Nc3 Nf6 4. Nf3 e6 5. e3 Nbd7 6. Qc2 Bd6 7. b3 O-O 8. Bb2 Qe7
9. cxd5 exd5 10. Be2 Re8 11. Nd2 Nf8 12. O-O Bc7 13. Rfe1 Ng4 14. Nf3 f5 15. Bf1
Qd6 16. g3 Ng6 17. Ne2 Nf6 18. Nc1 Ne4 19. Nd3 Qf6 20. b4 a6 21. a4 Bd7 22. Nc5
Nxc5 23. dxc5 Ne5 24. Nxe5 Bxe5 25. Bxe5 Qxe5 26. Red1 h5 27. Rac1 g6 28. Rd4
Qf6 29. Rcd1 Re4 30. Bg2 Re7 31. Bf3 Rae8 32. R1d2 Kg7 33. Qd1 Bc8 34. Qf1 Kf7
35. Bd1 Kg7 36. Qg2 Re5 37. Qf3 R8e7 38. Bc2 Re8 39. Rd1 R8e7 40. Rb1 Re8 41.
Kg2 Qe7 42. a5 Qf6 43. h4 1/2-1/2

[Event "54. Miedzynarodowy Festiwal Szachowy im. Akiby Rubinsteina<br/>OPEN A "]
[Site "Polanica-Zdroj"]
[Date "1899-12-30"]
[Round "5.20"]
[White "Goslawski, Michal"]
[Black "Golecki, Jan"]
[Result "1/2-1/2"]
[WhiteTitle "k"]
[BlackTitle "I++"]
[WhiteElo "2110"]
[BlackElo "1943"]

1. g3 d5 2. Nf3 c5 3. Bg2 Nc6 4. d4 Nf6 5. O-O Qb6 6. dxc5 Qxc5 7. Bf4 Bf5 8. c3
g6 9. a4 Bg7 10. b4 Qb6 11. a5 Qd8 12. a6 b6 13. Ne5 Nxe5 14. Bxe5 O-O 15. Qd4
Bxb1 16. Raxb1 Rc8 17. Rfd1 e6 18. Rbc1 Rc4 19. Qxc4 dxc4 20. Rxd8 Rxd8 21. Bc7
Rd7 22. Bb8 Nd5 23. Bxd5 exd5 24. g4 f5 25. gxf5 gxf5 26. Kg2 Kf7 27. Kf3 Ke6
28. e3 Bf6 29. Ke2 Rg7 30. Kf3 Be5 1/2-1/2

[Event "54. Miedzynarodowy Festiwal Szachowy im. Akiby Rubinsteina<br/>OPEN A "]
[Site "Polanica-Zdroj"]
[Date "1899-12-30"]
[Round "5.21"]
[White "Domanski, Lukasz"]
[Black "Hetzer, Volkhard"]
[Result "1-0"]
[WhiteTitle "k"]
[BlackTitle ""]
[WhiteElo "2094"]
[BlackElo "1949"]

1. e4 e5 2. Bc4 Nf6 3. d3 Nc6 4. Nc3 Na5 5. Nge2 c6 6. a3 Nxc4 7. dxc4 d6 8. O-O
Be7 9. Qd3 O-O 10. Ng3 Qc7 11. Bg5 h6 12. Bxf6 Bxf6 13. Nf5 Bxf5 14. exf5 Be7
15. Rad1 Rad8 16. Rfe1 Rfe8 17. Re4 d5 18. cxd5 cxd5 19. Rg4 h5 20. Rg3 Qc8 21.
Nxd5 Bh4 22. Rh3 e4 23. Qb3 e3 24. fxe3 Re4 25. Rxh4 Rxd5 26. Qxd5 Rxh4 27. Qd8+
Qxd8 28. Rxd8+ Kh7 29. Rd7 f6 30. Rd4 1-0

[Event "54. Miedzynarodowy Festiwal Szachowy im. Akiby Rubinsteina<br/>OPEN A "]
[Site "Polanica-Zdroj"]
[Date "1899-12-30"]
[Round "5.23"]
[White "Kucharski, Bartlomiej"]
[Black "Mazalon, Mariusz"]
[Result "0-1"]
[WhiteTitle "I+"]
[BlackTitle "k"]
[WhiteElo "1938"]
[BlackElo "2055"]

1. d4 d5 2. Bf4 g6 3. e3 Bg7 4. c3 Nh6 5. Bd3 f6 6. c4 c6 7. Nc3 Nf7 8. cxd5 cxd5
9. h4 e5 10. dxe5 fxe5 11. Bg3 d4 12. exd4 exd4 13. Qe2+ Kf8 14. Nb5 Nc6 15. Nf3
Bg4 16. O-O Bf6 17. h5 Kg7 18. hxg6 hxg6 19. Nc7 Ng5 20. Nxa8 Bxf3 21. gxf3 Qd7
22. f4 Nh3+ 23. Kh2 Nxf4+ 24. Kg1 Rh1+ 25. Kxh1 Qh3+ 26. Kg1 Qg2# 0-1

[Event "54. Miedzynarodowy Festiwal Szachowy im. Akiby Rubinsteina<br/>OPEN A "]
[Site "Polanica-Zdroj"]
[Date "1899-12-30"]
[Round "5.24"]
[White "Szelag, Zuzanna"]
[Black "Kaminski, Jan"]
[Result "1-0"]
[WhiteTitle "I++"]
[BlackTitle "I++"]
[WhiteElo "1934"]
[BlackElo "2026"]

1. e4 c5 2. Nf3 d6 3. d4 Nf6 4. Nc3 cxd4 5. Nxd4 a6 6. Bg5 e6 7. f4 Nbd7 8. Qf3
Qc7 9. O-O-O Be7 10. g4 b5 11. Bxf6 Nxf6 12. g5 Nd7 13. f5 Ne5 14. Qg3 b4 15.
Nce2 Bb7 16. fxe6 Bxe4 17. Bg2 Bxg2 18. Qxg2 Rc8 19. Nf4 O-O 20. Nd5 Qa7 21. Nf5
Ng6 22. Ndxe7+ Nxe7 23. Nxd6 Rc6 24. exf7+ Kh8 25. Rhe1 Qc5 26. Nb7 1-0